000 00692nam a22002177a 4500
999 _c15189
_d15189
003 AR-CdUCM
008 190313b ||||| |||| 00| 0 spa d
040 _aMUNICIPALIDAD PROVINCIAL DEL CUSCO
_cBIBLIOTECA MUNICIPAL DEL CUSCO
082 _22ed.
_aC / 869.56 /
_bT95
100 _aTauro, Alberto
_911692
245 _aElementos de la Literatura Peruana /
260 _aLima :
_bImprenta Colegio Militar Leoncio Prado,
_c1969.
300 _a202 paginas ;
_bIlustraciones, retratos, graficos,
_c23cm.
500 _aElementos Fundamentales
650 _aLiteratura
_983
650 _aPeru
_9429
650 _aSigloXX
_92896
650 _aLectura
_92069
942 _2ddc
_cLIBROS
945 _awfj